[Event "16th South Wales Int 2019"]
[Site "Bridgend"]
[Date "2019.07.07"]
[Round "1.1"]
[White "May, Adam J"]
[Black "Nasuta, Grzegorz"]
[Result "0-1"]
[WhiteElo "1917"]
[BlackElo "2529"]
[PlyCount "48"]
[EventDate "2019.07.07"]
[EventType "swiss"]
[EventRounds "9"]
[EventCountry "WLS"]

1. c4 e5 2. g3 Nf6 3. Bg2 d5 4. cxd5 Nxd5 5. Nc3 Ne7 6. Nf3 Nbc6 7. O-O g6 8.
b4 Bg7 9. b5 Nd4 10. e3 Nxf3+ 11. Qxf3 a6 12. bxa6 Rxa6 13. Rb1 O-O 14. a4 Re8
15. Qe2 b6 16. Ba3 Ra5 17. Bb4 Ba6 18. Nb5 Rxa4 19. Bxe7 Rxe7 20. Bc6 Re6 21.
Ra1 Ra5 22. Rxa5 bxa5 23. Rc1 Qb8 24. Bd7 Rd6 0-1

[Event "16th South Wales Int 2019"]
[Site "Bridgend"]
[Date "2019.07.07"]
[Round "1.2"]
[White "Korneev, Oleg"]
[Black "Parry, Matthew"]
[Result "1-0"]
[WhiteElo "2523"]
[BlackElo "1909"]
[PlyCount "39"]
[EventDate "2019.07.07"]
[EventType "swiss"]
[EventRounds "9"]
[EventCountry "WLS"]

1. e4 d5 2. exd5 Nf6 3. d4 Bg4 4. Be2 Bxe2 5. Qxe2 Qxd5 6. Nf3 Nc6 7. O-O O-O-O
8. Be3 e6 9. c4 Qh5 10. Nc3 Ng4 11. h3 Nxe3 12. Qxe3 b6 13. Qe4 Kd7 14. Rad1
Ne7 15. d5 Ke8 16. dxe6 Rxd1 17. Rxd1 fxe6 18. Ne5 Nd5 19. cxd5 Bc5 20. dxe6
1-0

[Event "16th South Wales Int 2019"]
[Site "Bridgend"]
[Date "2019.07.07"]
[Round "1.3"]
[White "Hughes, Anthony"]
[Black "Chatalbashev, Boris"]
[Result "0-1"]
[WhiteElo "1900"]
[BlackElo "2518"]
[PlyCount "40"]
[EventDate "2019.07.07"]
[EventType "swiss"]
[EventRounds "9"]
[EventCountry "WLS"]

1. e4 g6 2. d4 Bg7 3. Nc3 c6 4. Be3 Qb6 5. Rb1 d6 6. h3 Nf6 7. Bd3 O-O 8. Nf3
Qc7 9. O-O e5 10. Qd2 exd4 11. Nxd4 Re8 12. Rbe1 Nbd7 13. Nf3 b5 14. Bxb5 cxb5
15. Nxb5 Qc6 16. Nxd6 Nxe4 17. Nxe4 Rxe4 18. Ng5 Re5 19. Bd4 Bb7 20. f4 Rxg5
0-1

[Event "16th South Wales Int 2019"]
[Site "Bridgend"]
[Date "2019.07.07"]
[Round "1.4"]
[White "Davies, Nigel R"]
[Black "Spanton, Tim R"]
[Result "1-0"]
[WhiteElo "2484"]
[BlackElo "1900"]
[PlyCount "55"]
[EventDate "2019.07.07"]
[EventType "swiss"]
[EventRounds "9"]
[EventCountry "WLS"]

1. Nf3 Nc6 2. d4 d5 3. Bf4 Bg4 4. Nbd2 e6 5. e3 Bd6 6. c3 Nge7 7. Be2 O-O 8.
O-O Ng6 9. Bg3 Bxg3 10. hxg3 e5 11. dxe5 Bxf3 12. gxf3 Ncxe5 13. f4 Nd7 14. c4
dxc4 15. Nxc4 Qe7 16. Bf3 Nc5 17. Qc2 Rfe8 18. Rfd1 Rad8 19. b4 Na6 20. a3 c5
21. b5 Nb8 22. b6 axb6 23. Nxb6 Na6 24. Nd5 Qd6 25. Rab1 c4 26. Qxc4 Qxa3 27.
Rxb7 Rc8 28. Nf6+ 1-0

[Event "16th South Wales Int 2019"]
[Site "Bridgend"]
[Date "2019.07.07"]
[Round "1.5"]
[White "Jukes, Sam"]
[Black "Petrov, Marian"]
[Result "0-1"]
[WhiteElo "1895"]
[BlackElo "2463"]
[PlyCount "54"]
[EventDate "2019.07.07"]
[EventType "swiss"]
[EventRounds "9"]
[EventCountry "WLS"]

1. e4 c5 2. Nf3 Nc6 3. d4 cxd4 4. Nxd4 Qb6 5. Nb3 Nf6 6. Nc3 e6 7. Bd3 a6 8.
Be3 Qc7 9. f4 d6 10. g4 b5 11. g5 Nd7 12. Qd2 Nc5 13. O-O-O Nxd3+ 14. Qxd3 Be7
15. Kb1 Bb7 16. Rhf1 O-O 17. Qe2 Rfe8 18. h4 Rac8 19. Rf2 Na5 20. g6 fxg6 21.
Nxa5 Qxa5 22. Qg4 Bf8 23. h5 b4 24. hxg6 bxc3 25. gxh7+ Kh8 26. f5 Qb4 27. Bc1
Bxe4 0-1

[Event "16th South Wales Int 2019"]
[Site "Bridgend"]
[Date "2019.07.07"]
[Round "1.6"]
[White "Arkell, Keith C"]
[Black "Whitehead, Mark A"]
[Result "1-0"]
[WhiteElo "2461"]
[BlackElo "1887"]
[PlyCount "69"]
[EventDate "2019.07.07"]
[EventType "swiss"]
[EventRounds "9"]
[EventCountry "WLS"]

1. d4 Nf6 2. Nf3 e6 3. c4 Bb4+ 4. Bd2 Qe7 5. g3 Nc6 6. Nc3 O-O 7. Bg2 d6 8. d5
Nd8 9. dxe6 fxe6 10. O-O a5 11. Qc2 c6 12. Na4 Bxd2 13. Nxd2 Nd7 14. Rad1 b6
15. Nf3 Rb8 16. b3 Bb7 17. Qd2 Nf7 18. Qe3 c5 19. Nc3 Rfe8 20. Nh4 Bxg2 21.
Nxg2 Nde5 22. Nf4 Nc6 23. Nb5 Rbd8 24. Rd2 g5 25. Nh5 d5 26. cxd5 exd5 27. Qxe7
Rxe7 28. Nf6+ Kg7 29. Nxd5 Re5 30. Rfd1 Nd4 31. Nxd4 cxd4 32. Nxb6 Rc5 33. Nc4
Rcd5 34. Ne3 Kg8 35. Nc4 1-0

[Event "16th South Wales Int 2019"]
[Site "Bridgend"]
[Date "2019.07.07"]
[Round "1.7"]
[White "Camp, Imogen A L"]
[Black "Roberson, Peter T"]
[Result "0-1"]
[WhiteElo "1850"]
[BlackElo "2429"]
[PlyCount "63"]
[EventDate "2019.07.07"]
[EventType "swiss"]
[EventRounds "9"]
[EventCountry "WLS"]

1. d4 e6 2. Nf3 c5 3. c3 d5 4. Bf4 Nf6 5. e3 Bd6 6. Bg3 O-O 7. Bd3 b6 8. Nbd2
Bb7 9. Ne5 Nc6 10. f4 Ne7 11. Qf3 Nf5 12. Bf2 Be7 13. g4 Nd6 14. g5 Nfe4 15. h4
Nxd2 16. Kxd2 Ne4+ 17. Ke2 f6 18. gxf6 Bxf6 19. Rag1 Qc8 20. Ng4 Ba6 21. Qg2
Bxd3+ 22. Kxd3 Qd7 23. h5 cxd4 24. exd4 Kh8 25. Be3 Rac8 26. Ne5 Bxe5 27. fxe5
Rf5 28. Rh4 Rc7 29. Bh6 Qf7 30. Rg4 Nf2+ 31. Qxf2 Rxf2 32. Bxg7+ 0-1

[Event "16th South Wales Int 2019"]
[Site "Bridgend"]
[Date "2019.07.07"]
[Round "1.8"]
[White "Siddharth, Jagadeesh"]
[Black "James, Dai"]
[Result "1-0"]
[WhiteElo "2410"]
[BlackElo "1848"]
[PlyCount "49"]
[EventDate "2019.07.07"]
[EventType "swiss"]
[EventRounds "9"]
[EventCountry "WLS"]

1. Nf3 Nf6 2. c4 b6 3. g3 Bb7 4. Bg2 e6 5. O-O d5 6. cxd5 exd5 7. d4 Be7 8. Nc3
O-O 9. Bf4 c6 10. Ne5 Nbd7 11. Qa4 a6 12. Nxc6 Qe8 13. Nb4 Bxb4 14. Qxb4 Qe6
15. Rac1 Rac8 16. Qd6 Qf5 17. Na4 Nh5 18. Rxc8 Bxc8 19. Be3 Ndf6 20. Nxb6 Be6
21. Qe5 Qc2 22. Bf3 Qxb2 23. Na4 Qxa2 24. Nc5 Ng4 25. Qxh5 1-0

[Event "16th South Wales Int 2019"]
[Site "Bridgend"]
[Date "2019.07.07"]
[Round "1.9"]
[White "Phillips, William"]
[Black "Camacho Collados, Jose"]
[Result "1-0"]
[WhiteElo "1847"]
[BlackElo "2408"]
[PlyCount "105"]
[EventDate "2019.07.07"]
[EventType "swiss"]
[EventRounds "9"]
[EventCountry "WLS"]

1. d4 Nf6 2. Nf3 e6 3. Bg5 b6 4. e3 Bb7 5. Bd3 h6 6. Bxf6 Qxf6 7. Nbd2 g5 8. h3
Be7 9. Qe2 c5 10. c3 h5 11. O-O-O Nc6 12. Ne4 Qg7 13. dxc5 bxc5 14. Ba6 Bxa6
15. Qxa6 Ne5 16. Nd6+ Kf8 17. Nc8 Nxf3 18. gxf3 Qe5 19. Rxd7 Bf6 20. Nd6 Be7
21. Qb7 Bxd6 22. Qxa8+ Kg7 23. Qxa7 Rf8 24. Rd1 Bb8 25. Qb7 Qh2 26. Rd8 Rxd8
27. Rxd8 Be5 28. Qe4 Bf6 29. Rd2 Qxh3 30. f4 Qf1+ 31. Kc2 g4 32. Qd3 Qa1 33.
Qc4 Qh1 34. Qxc5 h4 35. Qh5 Qe4+ 36. Kc1 Qh1+ 37. Kc2 Qe4+ 38. Kc1 Qg6 39.
Qxg6+ Kxg6 40. Rd1 Kf5 41. Kd2 e5 42. fxe5 Bxe5 43. Ke2 h3 44. a4 h2 45. a5 g3
46. fxg3 Kg4 47. a6 Bb8 48. Kf2 Kh3 49. Kf3 f5 50. c4 Ba7 51. b4 f4 52. gxf4
h1=B+ 53. Rxh1# 1-0

[Event "16th South Wales Int 2019"]
[Site "Bridgend"]
[Date "2019.07.07"]
[Round "1.10"]
[White "Murphy, Conor E"]
[Black "Robinson, David"]
[Result "1/2-1/2"]
[WhiteElo "2362"]
[BlackElo "1840"]
[PlyCount "39"]
[EventDate "2019.07.07"]
[EventType "swiss"]
[EventRounds "9"]
[EventCountry "WLS"]

1. e4 d5 2. exd5 Qxd5 3. Nc3 Qa5 4. d4 Nf6 5. Bc4 c6 6. Bd2 Bf5 7. Nd5 Qd8 8.
Nxf6+ gxf6 9. Nf3 e6 10. O-O Qc7 11. Re1 Nd7 12. Nh4 Bg6 13. Bxe6 fxe6 14. Re4
e5 15. Rxe5+ Kf7 16. Re6 Bd6 17. Qe2 Nf8 18. Re1 Nxe6 19. Qxe6+ Kg7 20. Bh6+
1/2-1/2

[Event "16th South Wales Int 2019"]
[Site "Bridgend"]
[Date "2019.07.07"]
[Round "1.11"]
[White "Nechio, Douglas Egidio Gome"]
[Black "Rudd, Jack"]
[Result "0-1"]
[WhiteElo "1819"]
[BlackElo "2275"]
[PlyCount "62"]
[EventDate "2019.07.07"]
[EventType "swiss"]
[EventRounds "9"]
[EventCountry "WLS"]

1. e4 c6 2. d4 d5 3. e5 c5 4. dxc5 Nc6 5. a3 e6 6. Nf3 Bxc5 7. b4 Bb6 8. Bd3
Nge7 9. Bb2 Ng6 10. O-O O-O 11. Re1 Bd7 12. Nbd2 a5 13. b5 Nce7 14. a4 Rc8 15.
Nb3 f6 16. exf6 gxf6 17. Qd2 e5 18. Bf1 Bg4 19. Rac1 Bxf3 20. gxf3 Nh4 21. Qe2
Neg6 22. f4 e4 23. f5 Nf3+ 24. Kh1 Qc7 25. Qxf3 exf3 26. fxg6 Bxf2 27. gxh7+
Kh8 28. Re6 Qg7 29. Bh3 Rxc2 30. Bxf6 Rxc1+ 31. Nxc1 Rxf6 0-1

[Event "16th South Wales Int 2019"]
[Site "Bridgend"]
[Date "2019.07.07"]
[Round "1.12"]
[White "Kett, Tim"]
[Black "Borkowski, J Andrew"]
[Result "1-0"]
[WhiteElo "2252"]
[BlackElo "1769"]
[PlyCount "49"]
[EventDate "2019.07.07"]
[EventType "swiss"]
[EventRounds "9"]
[EventCountry "WLS"]

1. e4 d5 2. exd5 Qxd5 3. Nc3 Qd8 4. d4 Nf6 5. Bf4 c6 6. Bc4 Bf5 7. Nf3 e6 8.
O-O Bd6 9. Ne5 O-O 10. Qe2 Bxe5 11. Bxe5 Nbd7 12. Rad1 Nxe5 13. dxe5 Nd5 14.
Ne4 Bxe4 15. Qxe4 Qc7 16. Bd3 g6 17. h4 h5 18. Rfe1 Kg7 19. c4 Ne7 20. Qf4 Nf5
21. Bxf5 exf5 22. Qg5 Rfe8 23. Qf6+ Kg8 24. e6 Rad8 25. Rxd8 1-0

[Event "16th South Wales Int 2019"]
[Site "Bridgend"]
[Date "2019.07.07"]
[Round "1.13"]
[White "Harris, Calum"]
[Black "Toczek, Grzegorz"]
[Result "0-1"]
[WhiteElo "1764"]
[BlackElo "2249"]
[PlyCount "114"]
[EventDate "2019.07.07"]
[EventType "swiss"]
[EventRounds "9"]
[EventCountry "WLS"]

1. d4 e6 2. e4 d5 3. Nd2 c5 4. c3 cxd4 5. cxd4 Nc6 6. Ngf3 dxe4 7. Nxe4 Be7 8.
Bb5 Nf6 9. Bxc6+ bxc6 10. Qc2 O-O 11. O-O Qd5 12. Bg5 Ba6 13. Rfe1 Qc4 14. Rac1
Qd3 15. Ne5 Qxc2 16. Rxc2 Bb4 17. Nc3 Rfc8 18. Bxf6 gxf6 19. Nd7 Kg7 20. Re3
Rd8 21. Rg3+ Kh8 22. Nxf6 Rxd4 23. h3 Rad8 24. Rc1 Bd3 25. Rd1 Bg6 26. Rxd4
Rxd4 27. Rg4 Bxc3 28. bxc3 Rd1+ 29. Kh2 Rd2 30. Ra4 Rxf2 31. Ng4 Rc2 32. Ne5
Rxc3 33. Rxa7 Kg7 34. Nxg6 hxg6 35. a4 Ra3 36. Ra8 c5 37. Kg1 c4 38. Kf1 Ra2
39. a5 c3 40. Rc8 c2 41. Ke1 c1=Q+ 42. Rxc1 Rxg2 43. Rc8 Ra2 44. Rc5 Kf6 45.
Kd1 Ra3 46. h4 Ra4 47. Kc2 Rxh4 48. Kb3 Rh1 49. Rc2 g5 50. a6 g4 51. a7 Rh8 52.
Kb4 Ra8 53. Rf2+ Ke7 54. Ra2 g3 55. Kc5 g2 56. Rxg2 Rxa7 57. Kc6 Rd7 0-1

[Event "16th South Wales Int 2019"]
[Site "Bridgend"]
[Date "2019.07.07"]
[Round "1.14"]
[White "Richardson, John R"]
[Black "Thomas, Roy"]
[Result "1-0"]
[WhiteElo "2239"]
[BlackElo "1708"]
[PlyCount "69"]
[EventDate "2019.07.07"]
[EventType "swiss"]
[EventRounds "9"]
[EventCountry "WLS"]

1. d4 f5 2. g3 e6 3. Bg2 Nf6 4. Nf3 Be7 5. O-O O-O 6. c4 d6 7. Nc3 Ne4 8. Nxe4
fxe4 9. Nd2 d5 10. f3 e3 11. Nb1 dxc4 12. Bxe3 Nc6 13. Nd2 Bf6 14. Nxc4 Bxd4
15. Bxd4 Qxd4+ 16. Qxd4 Nxd4 17. Rad1 Nf5 18. f4 Rb8 19. Kf2 Kf7 20. Rd2 Ke7
21. Rfd1 b6 22. Ne5 Bb7 23. Rd7+ Kf6 24. e4 Nd6 25. Rxc7 Nxe4+ 26. Bxe4 Bxe4
27. Nd7+ Kf5 28. Nxb8 Rxb8 29. Rxg7 Rc8 30. Rdd7 e5 31. Rdf7+ Ke6 32. Re7+ Kf6
33. fxe5+ Kf5 34. Ke3 Bb1 35. g4# 1-0

[Event "16th South Wales Int 2019"]
[Site "Bridgend"]
[Date "2019.07.07"]
[Round "1.15"]
[White "Davies, Sam"]
[Black "Byron, Alan M"]
[Result "0-1"]
[WhiteElo "1705"]
[BlackElo "2222"]
[PlyCount "67"]
[EventDate "2019.07.07"]
[EventType "swiss"]
[EventRounds "9"]
[EventCountry "WLS"]

1. e4 d6 2. Nc3 Nf6 3. g3 e5 4. Bg2 Be7 5. d3 c6 6. f4 Bg4 7. Nf3 h5 8. h3 Bxf3
9. Qxf3 h4 10. g4 exf4 11. Bxf4 Nh7 12. Rf1 O-O 13. O-O-O Nd7 14. d4 Bg5 15.
Bxg5 Qxg5+ 16. Qf4 g6 17. Qxg5 Nxg5 18. Ne2 Rfe8 19. Rf4 Re7 20. Rdf1 Rae8 21.
Nc3 Ne6 22. R4f2 Nxd4 23. Rd2 Ne6 24. Rxd6 Ng5 25. Rf4 Nc5 26. Rdf6 Rd8 27. b4
Nce6 28. Rf2 Kg7 29. Rxe6 Nxe6 30. Rf3 Red7 31. Rf2 Ng5 32. Na4 Rd1+ 33. Kb2
R1d2 34. Rf1 0-1

[Event "16th South Wales Int 2019"]
[Site "Bridgend"]
[Date "2019.07.07"]
[Round "1.16"]
[White "Blackburn, Jonathan L B"]
[Black "Blackmore, Simon"]
[Result "1-0"]
[WhiteElo "2217"]
[BlackElo "1682"]
[PlyCount "51"]
[EventDate "2019.07.07"]
[EventType "swiss"]
[EventRounds "9"]
[EventCountry "WLS"]

1. d4 d5 2. c4 c6 3. cxd5 cxd5 4. Nc3 Nf6 5. Bf4 e6 6. e3 Bd6 7. Bxd6 Qxd6 8.
Nf3 Bd7 9. Qb3 Bc6 10. Ne5 O-O 11. Bd3 Nbd7 12. f4 Ne4 13. Nxc6 Nxc3 14. Nxa7
Ne4 15. Nb5 Qb6 16. Bxe4 dxe4 17. O-O Ra5 18. a4 Rfa8 19. Rfc1 Nf6 20. Qc2 g6
21. h3 h5 22. b4 R5a6 23. Nc7 Rc8 24. a5 Qa7 25. Qc5 b6 26. axb6 1-0

[Event "16th South Wales Int 2019"]
[Site "Bridgend"]
[Date "2019.07.07"]
[Round "1.17"]
[White "Williams, Ron"]
[Black "Marusenko, Petr"]
[Result "0-1"]
[WhiteElo "1644"]
[BlackElo "2154"]
[PlyCount "33"]
[EventDate "2019.07.07"]
[EventType "swiss"]
[EventRounds "9"]
[EventCountry "WLS"]

1. d4 d5 2. Nc3 e6 3. Bf4 c5 4. e3 Bd6 5. Nf3 Nc6 6. Bxd6 Qxd6 7. Nb5 Qe7 8.
dxc5 Kf8 9. Be2 Qxc5 10. c3 Nge7 11. Qa4 e5 12. Nc7 Rb8 13. Nxe5 b5 14. Qf4
Nxe5 15. Nxd5 Qxd5 16. Rd1 Qxd1+ 17. Bxd1 0-1

[Event "16th South Wales Int 2019"]
[Site "Bridgend"]
[Date "2019.07.07"]
[Round "1.18"]
[White "Bullen, Alex"]
[Black "Hirst, Joe"]
[Result "1-0"]
[WhiteElo "2118"]
[BlackElo "1632"]
[PlyCount "115"]
[EventDate "2019.07.07"]
[EventType "swiss"]
[EventRounds "9"]
[EventCountry "WLS"]

1. d4 Nf6 2. Nf3 g6 3. Nbd2 Bg7 4. e4 d6 5. Bd3 O-O 6. O-O e5 7. dxe5 dxe5 8.
Nxe5 Qe7 9. Nef3 Bg4 10. h3 Bxf3 11. Qxf3 Nc6 12. c3 Ne5 13. Qe2 Rad8 14. Bc2
Bh6 15. f4 Nh5 16. Nb3 Ng3 17. Qe1 Nxf1 18. fxe5 Bg7 19. Qxf1 Bxe5 20. Be3 b6
21. Bd4 c5 22. Bxe5 Qxe5 23. Rd1 Qg5 24. Qe2 Rxd1+ 25. Bxd1 Rd8 26. Qe1 Rd3 27.
Kh1 Re3 28. Qf2 Rxe4 29. Bf3 Qe3 30. Qc2 Re5 31. Nd2 Qf2 32. Qd3 Re1+ 33. Kh2
Qe3 34. Qxe3 Rxe3 35. Kg3 Rd3 36. Nf1 Kg7 37. Kf2 f5 38. Ke2 Rd6 39. c4 Kf6 40.
Bd5 b5 41. Ne3 bxc4 42. Bxc4 Rd4 43. b3 Ke5 44. Bg8 Rd7 45. Kf3 Rg7 46. Bc4 Rd7
47. a4 Rd4 48. Nc2 Rd2 49. Na3 Rd4 50. Nb5 Rd7 51. a5 Re7 52. a6 Rd7 53. Kf2
Kf4 54. Be2 Rd2 55. Nxa7 Ra2 56. Nc8 g5 57. Nb6 Ke4 58. Na4 1-0

[Event "16th South Wales Int 2019"]
[Site "Bridgend"]
[Date "2019.07.07"]
[Round "1.19"]
[White "Ong, Weng Yan"]
[Black "Brown, Thomas"]
[Result "0-1"]
[WhiteElo "1624"]
[BlackElo "2092"]
[PlyCount "134"]
[EventDate "2019.07.07"]
[EventType "swiss"]
[EventRounds "9"]
[EventCountry "WLS"]

1. e4 g6 2. d4 Bg7 3. Nf3 d6 4. Bc4 Nf6 5. Qe2 O-O 6. O-O Nc6 7. c3 e5 8. dxe5
Nxe5 9. Nxe5 dxe5 10. Rd1 Qe7 11. Nd2 Rd8 12. f3 c6 13. Nb3 Rxd1+ 14. Qxd1 Bd7
15. Be3 b6 16. Qe2 Rd8 17. Rd1 Bc8 18. Rxd8+ Qxd8 19. Qd2 Qxd2 20. Nxd2 Bf8 21.
Kf2 Nd7 22. b4 b5 23. Bb3 c5 24. a3 a5 25. Bd5 cxb4 26. cxb4 axb4 27. axb4 Nb8
28. Bc5 Bd7 29. Bb7 Bc6 30. Bxc6 Nxc6 31. Bxf8 Kxf8 32. Nb1 Nxb4 33. Nc3 Nd3+
34. Ke3 Nf4 35. Nxb5 Nxg2+ 36. Kf2 Nf4 37. Nd6 Ke7 38. Nc4 Kf6 39. Nd6 Nd3+ 40.
Ke3 Nb2 41. Ne8+ Ke7 42. Nc7 Nc4+ 43. Kd3 Nd6 44. Nd5+ Ke6 45. Nc7+ Kf6 46. Na8
Kg5 47. Ke3 Kh4 48. Nb6 Kh3 49. Nd7 Kxh2 50. Nxe5 Kg3 51. Ng4 h5 52. Nf6 h4 53.
Ng4 h3 54. Nf2 h2 55. f4 Kg2 56. e5 Nf5+ 57. Ke2 h1=Q 58. Nxh1 Kxh1 59. Kf3 Kh2
60. Kg4 Kg2 61. Kg5 Kg3 62. Kf6 Kxf4 63. Kxf7 g5 64. e6 g4 65. Kf6 g3 66. e7
Nxe7 67. Kxe7 g2 0-1

[Event "16th South Wales Int 2019"]
[Site "Bridgend"]
[Date "2019.07.07"]
[Round "1.20"]
[White "Wilks, Simon"]
[Black "Hurn, Robert Aj"]
[Result "1-0"]
[WhiteElo "2065"]
[BlackElo "1615"]
[PlyCount "91"]
[EventDate "2019.07.07"]
[EventType "swiss"]
[EventRounds "9"]
[EventCountry "WLS"]

1. e4 c5 2. Nf3 d6 3. Bb5+ Bd7 4. Bxd7+ Qxd7 5. c4 Nc6 6. d4 cxd4 7. Nxd4 g6 8.
Nc3 Bg7 9. Be3 Nf6 10. f3 a6 11. a4 O-O 12. O-O Ne5 13. b3 Rac8 14. Qd2 Rfd8
15. Rfd1 Qc7 16. Rac1 Qb8 17. Nde2 Ned7 18. Nf4 Nc5 19. Qc2 b6 20. Nfd5 Qb7 21.
b4 Ne6 22. Nxb6 Rc6 23. a5 Nd7 24. Ncd5 Nxb6 25. Nxb6 Rc7 26. Qe2 Re8 27. Qa2
Rf8 28. Rb1 Qc6 29. Rdc1 Qb7 30. Qa4 Qc6 31. Qxc6 Rxc6 32. Nd5 Re8 33. b5 axb5
34. cxb5 Rxc1+ 35. Rxc1 Kf8 36. b6 Nd4 37. Rc4 Ne6 38. Nc7 Nxc7 39. Rxc7 d5 40.
exd5 Be5 41. Bh6+ Kg8 42. Rd7 Bd4+ 43. Kf1 Bc3 44. a6 Bd4 45. b7 Ba7 46. Rc7
1-0

[Event "16th South Wales Int 2019"]
[Site "Bridgend"]
[Date "2019.07.07"]
[Round "1.21"]
[White "Miga, Tomasz"]
[Black "Garcia, Jason"]
[Result "0-1"]
[WhiteElo "1593"]
[BlackElo "2053"]
[PlyCount "64"]
[EventDate "2019.07.07"]
[EventType "swiss"]
[EventRounds "9"]
[EventCountry "WLS"]

1. d4 d5 2. Nf3 Nf6 3. g3 e6 4. Bg2 c6 5. O-O Bd6 6. b3 O-O 7. Bb2 b6 8. Nbd2
Bb7 9. c4 Na6 10. Re1 Ne4 11. Nxe4 dxe4 12. Ne5 f6 13. Ng4 c5 14. Ne3 cxd4 15.
Bxd4 Qe7 16. Qb1 Rad8 17. Rd1 f5 18. Nc2 e5 19. Bc3 f4 20. Ne1 fxg3 21. hxg3
Qf7 22. f3 Bc5+ 23. Kh2 Qh5+ 24. Bh3 exf3 25. Rxd8 Rxd8 26. g4 Qh4 27. Nxf3
Qf2+ 28. Bg2 e4 29. Be1 Qxe2 30. Ng5 Qxg4 31. Nxe4 Qh5+ 32. Bh3 Bc8 0-1

[Event "16th South Wales Int 2019"]
[Site "Bridgend"]
[Date "2019.07.07"]
[Round "1.22"]
[White "Pleasants, Allan J"]
[Black "Orton, Paul"]
[Result "1-0"]
[WhiteElo "2049"]
[BlackElo "1584"]
[PlyCount "37"]
[EventDate "2019.07.07"]
[EventType "swiss"]
[EventRounds "9"]
[EventCountry "WLS"]

1. e4 c5 2. c3 Nc6 3. Nf3 d6 4. d4 cxd4 5. cxd4 g6 6. d5 Nb8 7. Bb5+ Bd7 8. Bd3
Bg7 9. Nc3 Nf6 10. O-O O-O 11. Re1 Ng4 12. h3 Ne5 13. Nxe5 dxe5 14. Bf1 a6 15.
Qb3 Qc7 16. Bg5 Re8 17. Rac1 b6 18. Nb5 Qd8 19. Nc7 1-0

[Event "16th South Wales Int 2019"]
[Site "Bridgend"]
[Date "2019.07.07"]
[Round "1.23"]
[White "Robertson, Jim"]
[Black "Waddington, Mike P"]
[Result "0-1"]
[WhiteElo "1580"]
[BlackElo "2014"]
[PlyCount "64"]
[EventDate "2019.07.07"]
[EventType "swiss"]
[EventRounds "9"]
[EventCountry "WLS"]

1. d4 Nf6 2. e3 g6 3. f4 Bg7 4. Nf3 O-O 5. Bd3 d6 6. O-O Nc6 7. c3 e5 8. fxe5
dxe5 9. Nxe5 Nxe5 10. dxe5 Ng4 11. Be2 Qh4 12. Bxg4 Bxg4 13. Qe1 Qh5 14. Qf2
Bxe5 15. h3 Rad8 16. Nd2 Be6 17. Nf3 Bd6 18. e4 Bc4 19. Re1 f6 20. Be3 Rde8 21.
Nd2 Ba6 22. Qf3 Qe5 23. a3 f5 24. g3 fxe4 25. Qg2 Qxg3 26. Bh6 Bc5+ 27. Kh1
Qxg2+ 28. Kxg2 Rf2+ 29. Kg3 e3 30. Nb3 Bd6+ 31. Kg4 Re4+ 32. Kg5 Be7# 0-1

[Event "16th South Wales Int 2019"]
[Site "Bridgend"]
[Date "2019.07.07"]
[Round "1.24"]
[White "Cannon, Richard J"]
[Black "Chung, Ethan Cheung Jing"]
[Result "1-0"]
[WhiteElo "2013"]
[BlackElo "1572"]
[PlyCount "119"]
[EventDate "2019.07.07"]
[EventType "swiss"]
[EventRounds "9"]
[EventCountry "WLS"]

1. e4 e6 2. Nc3 d5 3. Nf3 dxe4 4. Nxe4 Nd7 5. d4 Ngf6 6. Nxf6+ Nxf6 7. Bd3 c5
8. O-O cxd4 9. Nxd4 Bc5 10. Be3 Qb6 11. Bb5+ Bd7 12. Bxd7+ Nxd7 13. Rb1 Rd8 14.
b4 Bxd4 15. Bxd4 Qc6 16. b5 Qe4 17. Re1 Qg6 18. Qf3 b6 19. Qa3 Ra8 20. Rbd1 Qg5
21. Qd6 Qe7 22. Qc6 O-O 23. Bxg7 Kxg7 24. Rxd7 Qf6 25. Qxe6 Qxe6 26. Rxe6 Rfd8
27. Ree7 Rxd7 28. Rxd7 Rc8 29. Rxa7 Rxc2 30. g3 Rb2 31. a4 h6 32. Rb7 Rb4 33.
Rxb6 Rxa4 34. Kg2 Rb4 35. Kf3 f6 36. Rb7+ Kg6 37. b6 Kf5 38. Rb8 Rb3+ 39. Kg2
h5 40. h4 Rb4 41. b7 Rb2 42. Kh3 Rb1 43. Rh8 Rxb7 44. Rxh5+ Kg6 45. Rc5 Re7 46.
g4 Re2 47. Kg3 Re6 48. Kf4 Rb6 49. h5+ Kh6 50. Kf5 Rb2 51. f4 Rb6 52. Rc7 Rb5+
53. Ke6 Rb6+ 54. Kd5 Rb4 55. Rc4 Rb5+ 56. Ke6 Rb6+ 57. Kf5 Ra6 58. Re4 Kg7 59.
Re7+ Kf8 60. Re6 1-0

[Event "16th South Wales Int 2019"]
[Site "Bridgend"]
[Date "2019.07.07"]
[Round "1.25"]
[White "Williams, David J"]
[Black "Hewitt, William"]
[Result "0-1"]
[WhiteElo "1519"]
[BlackElo "2005"]
[PlyCount "68"]
[EventDate "2019.07.07"]
[EventType "swiss"]
[EventRounds "9"]
[EventCountry "WLS"]

1. d4 Nf6 2. Nf3 g6 3. Bg5 Bg7 4. e3 O-O 5. Nbd2 c5 6. c3 cxd4 7. exd4 d5 8.
Bd3 Nc6 9. O-O Bf5 10. Bxf5 gxf5 11. Bxf6 Bxf6 12. Re1 Qd6 13. Re3 Kh8 14. Qc2
e6 15. Rae1 Rac8 16. Qd3 f4 17. R3e2 Rg8 18. Ne5 Bxe5 19. dxe5 Qe7 20. Nf3 Rg6
21. Kh1 Rcg8 22. Rg1 Qf8 23. Ree1 Qh6 24. h3 Qg7 25. Qf1 f6 26. exf6 Qxf6 27.
Qd3 Qg7 28. Qf1 e5 29. Rd1 Qd7 30. Qe2 e4 31. Qxe4 dxe4 32. Rxd7 exf3 33. Rxb7
fxg2+ 34. Kh2 Ne5 0-1

[Event "16th South Wales Int 2019"]
[Site "Bridgend"]
[Date "2019.07.07"]
[Round "1.27"]
[White "Chung, Joel"]
[Black "Bevan, Peter M"]
[Result "0-1"]
[WhiteElo "1475"]
[BlackElo "1942"]
[PlyCount "58"]
[EventDate "2019.07.07"]
[EventType "swiss"]
[EventRounds "9"]
[EventCountry "WLS"]

1. e4 c5 2. Nc3 Nc6 3. f4 e6 4. Nf3 a6 5. d3 g6 6. Be2 Bg7 7. Bd2 Nge7 8. g4 f5
9. gxf5 exf5 10. e5 d6 11. Be3 Nd4 12. Nxd4 cxd4 13. Bxd4 Nc6 14. Bf2 dxe5 15.
fxe5 Bxe5 16. Qd2 Nd4 17. O-O-O O-O 18. h4 b5 19. Bxd4 Qxd4 20. h5 Bf4 21. Rdg1
Bxd2+ 22. Kxd2 b4 23. hxg6 bxc3+ 24. bxc3 Qf4+ 25. Kd1 Rb8 26. gxh7+ Kh8 27.
Rg8+ Rxg8 28. hxg8=Q+ Kxg8 29. Rg1+ Kf8 0-1

[Event "16th South Wales Int 2019"]
[Site "Bridgend"]
[Date "2019.07.07"]
[Round "1.28"]
[White "Davis, Lee"]
[Black "Chung, Daniel"]
[Result "1/2-1/2"]
[WhiteElo "1937"]
[BlackElo "1434"]
[PlyCount "132"]
[EventDate "2019.07.07"]
[EventType "swiss"]
[EventRounds "9"]
[EventCountry "WLS"]

1. d4 d5 2. g3 Nf6 3. Bg2 Bf5 4. Nf3 e6 5. O-O Nc6 6. c4 dxc4 7. Qa4 Qd7 8. Nc3
Bd6 9. Qxc4 O-O 10. Bg5 Na5 11. Qb5 Qxb5 12. Nxb5 Ne4 13. Nxd6 cxd6 14. Bf4 d5
15. Nh4 g5 16. Bxe4 gxh4 17. Bxf5 exf5 18. gxh4 Rfe8 19. e3 Nc4 20. Rfd1 Nxb2
21. Rd2 Nc4 22. Rc2 b6 23. Rac1 Rac8 24. f3 b5 25. Rg2+ Kh8 26. Kf2 Rf8 27. Bg5
Rc6 28. Rcg1 Re8 29. h5 h6 30. Bf4 Nb2 31. Be5+ f6 32. Rg6 Rc2+ 33. Kf1 Rc1+
34. Ke2 Rxg1 35. Bxf6+ Kh7 36. Rxg1 Rg8 37. Rg3 Na4 38. Kd3 Nb2+ 39. Ke2 Na4
40. a3 Nc3+ 41. Kd3 Na4 42. Rxg8 Kxg8 43. e4 dxe4+ 44. fxe4 Nb2+ 45. Kc2 Nc4
46. exf5 Nxa3+ 47. Kb3 Nc4 48. Bd8 a5 49. d5 Ne3 50. d6 Nxf5 51. d7 Nd4+ 52.
Ka2 a4 53. Bf6 Ne6 54. d8=Q+ Nxd8 55. Bxd8 Kf7 56. Ka3 Ke6 57. Kb4 Kf5 58. h3
Kf4 59. Bh4 Kf5 60. Be7 Kf4 61. Bh4 Kf5 62. Be7 Kf4 63. Bf8 Kg5 64. Kxb5 Kxh5
65. Kxa4 Kh4 66. Bxh6 Kxh3 1/2-1/2